| 000 | 00613cam a22002053a 4500 | ||
|---|---|---|---|
| 001 | 45943 | ||
| 003 | PGUSA | ||
| 005 | 20140828084055.0 | ||
| 008 | 140611s2014||||xxu|||||s|||||000 | eng d | ||
| 040 |
_aPGUSA _beng |
||
| 042 | _adc | ||
| 100 | 1 | _aVeth, Pieter Johannes | |
| 245 | 1 | 0 |
_aUit Oost en West : _bverklaring van eenige uitheemsche woorden _h[electronic resource] / _cPieter Johannes Veth |
| 260 |
_bProject Gutenberg, _c2014 |
||
| 506 | _aPublic domain in the USA. | ||
| 516 | _aElectronic text | ||
| 830 | 0 |
_aProject Gutenberg _v45943 |
|
| 856 | 4 | 0 | _uhttp://www.gutenberg.org/ebooks/45943 |
| 942 | _cEB | ||
| 999 |
_c275192 _d275192 |
||